| 000 | 00832nam a22003257a 4500 | ||
|---|---|---|---|
| 001 | BR0003971 | ||
| 003 | BR-BrBNA | ||
| 005 | 20230928100740.0 | ||
| 007 | ta | ||
| 008 | 230509b bl.||||| |||| 00| 0 por d | ||
| 040 |
_aBR-BrBNA _bpor _cBiblioteca Nacional de Agricultura |
||
| 041 | _a(Por) | ||
| 072 | _aF06; E10 | ||
| 090 | _ F06 BR0003971 | ||
| 100 | 1 | _aOrnelas, W. | |
| 245 | 1 | _aAgenda para o Sao Francisco | |
| 260 | 3 |
_aBrasilia, DF (Brasil): _c1996. |
|
| 300 | _a110 p. | ||
| 650 | _aIrrigacao | ||
| 650 | _aDesenvolvimento Economico | ||
| 650 | _aDesenvolvimento Sustentavel | ||
| 650 | _aLegislacao | ||
| 650 | _aPreservacao da Natureza | ||
| 650 | _aRecurso Hidrico | ||
| 650 | _aAdministracao | ||
| 650 | _aHidrovia | ||
| 650 | _aNordeste | ||
| 909 |
_a202309 _bLucia _c55 _dLucia Elande |
||
| 942 | _cBK | ||
| 999 |
_c62623 _d62623 |
||